Countries The Jacksons visited - Statistics

General Stats
  • This quiz has been taken 19 times
  • The average score is 21 of 27
Answer Stats
Continent Country % Correct
Oceania Australia
100%
Asia Japan
100%
North America Canada
93%
Europe Finland
93%
Europe France
93%
Europe Germany
93%
Oceania New Zealand
93%
Europe Norway
93%
Europe Sweden
93%
Europe United Kingdom
93%
North America United States of America
93%
Europe Denmark
87%
Europe Italy
87%
Africa South Africa
87%
Europe Switzerland
87%
Europe the Netherlands
87%
Europe Austria
80%
Europe Belgium
80%
Europe Spain
80%
North America the Bahamas
67%
Asia Singapore
53%
Asia Malaysia
47%
Africa Morocco
40%
Asia the Philippines
40%
North America Trinidad and Tobago
40%
Asia United Arab Emirates
40%
Africa Senegal
27%
No matching quizzes found
Score Distribution
Percent of People with Each Score
Percentile by Number Answered
Your Score History
You have not taken this quiz